Εισαγωγή στις σπουδές του λαϊκού πολιτισμού : λαογραφίες, λαϊκοί πολιτισμοί, ταυτότητες

Αποθηκεύτηκε σε:
Λεπτομέρειες βιβλιογραφικής εγγραφής
Κύριος συγγραφέας: Αυδίκος, Ευάγγελος Γρ., 1951-
Μορφή: Βιβλίο
Γλώσσα:Greek
Δημοσίευση: Αθήνα : Κριτική, 2009
Θέματα:
Ετικέτες: Προσθήκη ετικέτας
Δεν υπάρχουν, Καταχωρήστε ετικέτα πρώτοι!

MARC

LEADER 00000cam a2200000 i 4500
001 1/13951
008 110627s2009 gre d
020 |a 978-960-218-630-5 
035 |l 10110392 
040 |a GR-MY-UA  |b gre  |e aacr 
041 0 |a gre 
082 0 |a 398.09495  |2 (22) 
100 1 |a Αυδίκος, Ευάγγελος Γρ.,   |d 1951- 
245 1 0 |a Εισαγωγή στις σπουδές του λαϊκού πολιτισμού :  |b λαογραφίες, λαϊκοί πολιτισμοί, ταυτότητες /  |c Ευάγγελος Γρ. Αυδίκος 
260 |a Αθήνα :   |b Κριτική,   |c 2009 
300 |a 421 σ.;  |c 24 εκ. 
504 |a Περιέχει βιβλιογραφία: σ. [365]-400 
504 |a Περιέχει ευρετήριο: σ. [401]-421 
650 0 0 |a Popular culture. 
650 0 0 |a Folklore. 
650 0 0 |a Folklore  |z Greece. 
650 0 0 |a Folklore and nationalism  |z Greece. 
852 |a INST  |b LESVOS  |c EUDOXUS  |e 20140318  |h 398.09495 ΑΥΔ  |p 005100053898  |q 005100053898  |t EDX  |y 0 
852 |a INST  |b RHODES  |e 20110627  |h 398.09495 ΑΥΔ  |p 005400033098  |q 005400033098  |t BK  |y 0 
852 |a INST  |b RHODES  |e 20140731  |h 398.09495 ΑΥΔ  |p 005400036645  |q 005400036645  |t BK  |y 0 
901 |a BIBL4-2011-2 
901 |a BIBL1-2014-1 
901 |a BIBL4-2014-2 
909 |a Ρ  |b 163736 
909 |a Λ  |b 177466 
909 |a Ρ  |b 183147 
920 |a Εύδοξος  |b Παραγγελία  |y Λέσβος-ΤΚΑΙ  |z 2013-12